Estatísticas para Os rios mais longos do mundo em um mapa

Clique aqui para jogar o quiz

Estatísticas Gerais

  • Esse quiz foi jogado 3 669 vezes
  • A pontuação média é 5 de 15

Respostas no mapa

Respostas codificadas por cores de uma escala verde-vermelha no mapa do quiz de acordo com a % correta abaixo.
 

Estatísticas das Respostas

rio% Correto
Amazonas
98%
Nilo
90%
Mississippi
56%
Paraná
56%
Amarelo
41%
Congo
37%
Missouri
27%
Yangtzé
27%
Níger
26%
Mekong
18%
Lena
11%
Ob
11%
Amur
10%
Mackenzie
10%
Ienissei
8%

Distribuição das Pontuações

Percentil de Números Respondidos

Porcentagem de Pessoas com Cada Pontuação

Sua Pontuação Histórica

Você não jogou esse quiz